=LDR 00000nam 2200000 4500 =001 INLIS000000000034321 =005 20130612140231 =008 ***********************************ind** =035 ##$$0010-061300000034321 =041 ##$$a ind =082 ##$$a 813 =090 ##$$a 813, Dev,d =100 ##$$a Devita, DH =245 ##$$a Desan Angin Maastricht, DH.Devita; Penyunting, Azzura Dayana =260 ##$$a 2009 $b Jakarta =300 ##$$a vii,242 hlm., 19 cm =650 ##$$a Fiksi Indonesia =700 ##$$a Dayana,Azzura =850 ##$$a NBPNMAT